00238nam a2200085Ia 4500008004100000100002100041245004200062250000800104260004000112191201s2019 xx 000 0 und d aNILSSON, Niles J 0aPrinciples of Artificial Intelligence aRep bNarosa Publication HouseaNEW DELHI